| 000 | 00963cam a22003137a 4500 | ||
|---|---|---|---|
| 003 | CHAP | ||
| 005 | 20220329134239.0 | ||
| 008 | 971013s1947 r 00010 d | ||
| 010 | _a17551 | ||
| 011 | _a18523 | ||
| 035 | _a22608 | ||
| 040 | _cCHAP | ||
| 082 |
_21947 _a551.7 _bH88 1947 |
||
| 100 | 0 | 0 |
_aHussey, Russell C. _957011 |
| 245 | 0 | _aHistorical geology; the geological history of North America | |
| 250 | _a2 ed. | ||
| 260 |
_aNew York : _bMcGraw-Hill, _c1947 |
||
| 300 |
_a465 p. _b: ilus. |
||
| 590 |
_aBATCH-UPD _b10 _c20130110 _lUCH01 _h1804 |
||
| 590 |
_aBATCH-UPD _b10 _c20130410 _lUCH01 _h1140 |
||
| 590 |
_aBATCH-UPD _b10 _c20130914 _lUCH01 _h1538 |
||
| 590 |
_aCONVERSION _b10 _c20130109 _lUCH01 _h1311 |
||
| 650 | 1 | 4 |
_aGeología estratigráfica. _947649 |
| 650 | 1 | 4 |
_aGeología. _947604 |
| 650 | 1 | 4 |
_aGeología _xAmérica del Norte. _947606 |
| 901 | _aBK | ||
| 942 | _cLIBRO | ||
| 949 |
_a551.7 H88 1947 _bBC _cLIBRO _d-52936 _eLIBRO _h7854 _i22608 _si |
||
| 999 |
_c17551 _d17551 |
||